<?xml version="1.0" encoding="UTF-8"?>
<record
    xmlns:xsi="http://www.w3.org/2001/XMLSchema-instance"
    xsi:schemaLocation="http://www.loc.gov/MARC21/slim http://www.loc.gov/standards/marcxml/schema/MARC21slim.xsd"
    xmlns="http://www.loc.gov/MARC21/slim">

  <leader>05321nam a2200409 a 4500</leader>
  <controlfield tag="003">CHAP</controlfield>
  <controlfield tag="005">20240612123746.0</controlfield>
  <controlfield tag="007">ta</controlfield>
  <controlfield tag="008">221123s2020    mx d|||fsm||| 001 0 spa d</controlfield>
  <datafield tag="040" ind1=" " ind2=" ">
    <subfield code="e">rda</subfield>
  </datafield>
  <datafield tag="041" ind1=" " ind2=" ">
    <subfield code="a">spa</subfield>
    <subfield code="b">eng</subfield>
  </datafield>
  <datafield tag="100" ind1="1" ind2=" ">
    <subfield code="9">185729</subfield>
    <subfield code="a">Ch&#xE1;vez Mat&#xED;as, F&#xE1;tima</subfield>
  </datafield>
  <datafield tag="240" ind1=" " ind2=" ">
    <subfield code="a">Characterization of the mezcal chain in Michoac&#xE1;n and tangible and intangible assessment aspects in consumers.</subfield>
    <subfield code="l">Espa&#xF1;ol</subfield>
  </datafield>
  <datafield tag="245" ind1="1" ind2="0">
    <subfield code="a">Caracterizaci&#xF3;n de la cadena mezcal en Michoac&#xE1;n y aspectos de valoraci&#xF3;n tangibles e intangibles en consumidores /</subfield>
    <subfield code="c">F&#xE1;tima Ch&#xE1;vez Mat&#xED;as y Jazm&#xED;n S&#xE1;nchez Sosa</subfield>
  </datafield>
  <datafield tag="264" ind1=" " ind2=" ">
    <subfield code="a">Chapingo, M&#xE9;xico :</subfield>
    <subfield code="b">El autor,</subfield>
    <subfield code="c">2020</subfield>
  </datafield>
  <datafield tag="300" ind1=" " ind2=" ">
    <subfield code="a">1 recurso en l&#xED;nea (107 p&#xE1;ginas) :</subfield>
    <subfield code="b">gr&#xE1;ficas, diagramas, tablas</subfield>
  </datafield>
  <datafield tag="336" ind1=" " ind2=" ">
    <subfield code="2">rdacontent</subfield>
    <subfield code="a">texto</subfield>
    <subfield code="b">txt</subfield>
  </datafield>
  <datafield tag="337" ind1=" " ind2=" ">
    <subfield code="2">rdamedia</subfield>
    <subfield code="a">computadora</subfield>
    <subfield code="b">c</subfield>
  </datafield>
  <datafield tag="338" ind1=" " ind2=" ">
    <subfield code="2">rdacarrier</subfield>
    <subfield code="a">recurso en l&#xED;nea</subfield>
    <subfield code="b">cr</subfield>
  </datafield>
  <datafield tag="502" ind1=" " ind2=" ">
    <subfield code="a">Tesis</subfield>
    <subfield code="b">IA</subfield>
    <subfield code="c">Agroindustrias</subfield>
    <subfield code="d">2020</subfield>
    <subfield code="g">LIC</subfield>
  </datafield>
  <datafield tag="504" ind1=" " ind2=" ">
    <subfield code="a">Bibliogr&#xE1;f&#xED;a: p&#xE1;ginas 103-107</subfield>
  </datafield>
  <datafield tag="520" ind1="3" ind2=" ">
    <subfield code="a">El  mezcal,  es  una  bebida  alcoh&#xF3;lica  originaria  del  estado  de  Oaxaca  (M&#xE9;xico), elaborada  a  partir  de  la  destilaci&#xF3;n  del  zumo  fermentado  de  varias  especies  de agave. Actualmente este producto cuenta con denominaci&#xF3;n de origen y una norma regulatoria orientada al cumplimiento de par&#xE1;metros f&#xED;sicos y qu&#xED;micos. El objetivo del presente  trabajo de  investigaci&#xF3;n fue  caracterizar  la  cadena agroindustrial del mezcal michoacano e identificar las rutas de influencia en la preferencia del mezcal y las comunalidades de significados que le otorgan los consumidores;se aplic&#xF3; una encuesta a consumidoresmichoacanos(n = 200) para explorar la estructura de los valores  humanos,  las  rutas  de  influencias,  actitudes  y  significados; para  la caracterizaci&#xF3;n  de  la  cadena  se  visitaron  5  vinatas  y  se  aplicaron  encuestas, adem&#xE1;s  de  las  aplicaci&#xF3;n  de  encuestas  tambi&#xE9;n  para consumidores.Para  la caracterizaci&#xF3;n  se  encontr&#xF3;  que  el  nivel  de  integraci&#xF3;n  de  la  cadena  es  de  tipo vertical. El &#xED;ndice de adopci&#xF3;n de innovaciones para producci&#xF3;n primaria como para agroindustria  se  encuentran  por  arriba  del  50%,  con  valores  de  62%  y  58% respectivamente, sugiriendo que la din&#xE1;mica de adopci&#xF3;n de innovaci&#xF3;n es notable y se deriva de su visi&#xF3;n econ&#xF3;mica a largo plazo. La principal problem&#xE1;tica de la red de  valor  se  centra  en  los  aspectos  de  infraestructura,  rutas  comerciales  y certificaciones.  La  influencia  de  los  valores  humanos  en  el  consumo  del  mezcal michoacano se da a trav&#xE9;s de la ruta indirecta, es decir, que los valores humanos de los consumidores de mezcal michoacano influyen en el consumo a trav&#xE9;s de los atributos tangibles, importando as&#xED; el significado utilitario y no el significado afectivo o simb&#xF3;lico.</subfield>
  </datafield>
  <datafield tag="520" ind1="3" ind2=" ">
    <subfield code="a">Mezcal is an alcoholic beverage originating in the state of Oaxaca (Mexico), made from the distillation of the fermented juice of various species of agave. Currently this product has a designation of origin and a regulatory standard aimed at compliance with physical and chemical parameters. The objective of this research work was to characterize the agro-industrial chain of Michoacan mezcal and identify the routes of  influence  on  the  preference  of  mezcal  and  the  communities  of  meanings  that consumers  give  it;  A  survey  of  Michoacan  consumers  (n  =  200)  was  applied  to explore  the  structure  of  human  values,  the  routes  of  influences,  attitudes  and meanings;  for  the  characterization  of  the  chain,  5  vinatas  will  be  evaluated  and surveys will be applied, in addition to the application of surveys also for consumers. For  characterization  it is  found  that  the  level of  integration of  the  chain  is  vertical. The adoption rate of innovations for primary production and for agribusiness is above 50%,  with  values of  62%  and  58%  respectively,  suggesting  that  the  dynamics  of innovation adoption is remarkable and derived from its long-term economic vision. The  main  problem  of  the  value  network  focuses  on  the  aspects  of  infrastructure, trade routes and certifications. The influence of human values on the consumption of Michoac&#xE1;n mezcal occurs through the indirect route, that is, that the human values of   consumers   of   Michoac&#xE1;n   mezcal   influence   consumption   through   tangible attributes,  thus  importing  the  utilitarian  meaning  and  not  the  affective  or  symbolic meaning.</subfield>
  </datafield>
  <datafield tag="650" ind1="1" ind2="7">
    <subfield code="9">75353</subfield>
    <subfield code="a">Mezcal</subfield>
    <subfield code="z">M&#xE9;xico</subfield>
    <subfield code="z">Michoac&#xE1;n</subfield>
    <subfield code="2">atg</subfield>
  </datafield>
  <datafield tag="650" ind1="1" ind2="7">
    <subfield code="9">1069</subfield>
    <subfield code="a">Agave</subfield>
    <subfield code="x">Destilados</subfield>
    <subfield code="2">atg</subfield>
  </datafield>
  <datafield tag="650" ind1="1" ind2="3">
    <subfield code="9">185730</subfield>
    <subfield code="a">Encuestas al consumidor</subfield>
    <subfield code="2">atg</subfield>
  </datafield>
  <datafield tag="650" ind1="1" ind2="3">
    <subfield code="9">1069</subfield>
    <subfield code="a">Agave</subfield>
    <subfield code="x">Distillates</subfield>
    <subfield code="2">atg</subfield>
  </datafield>
  <datafield tag="650" ind1="1" ind2="3">
    <subfield code="9">146806</subfield>
    <subfield code="a">Bebidas alcoh&#xF3;licas</subfield>
    <subfield code="x">Mejoramiento de productos</subfield>
    <subfield code="2">atg</subfield>
  </datafield>
  <datafield tag="650" ind1="1" ind2="3">
    <subfield code="9">185731</subfield>
    <subfield code="a">Consumer surveys</subfield>
    <subfield code="2">atg</subfield>
  </datafield>
  <datafield tag="650" ind1="1" ind2="3">
    <subfield code="9">160443</subfield>
    <subfield code="a">Alcoholic beverages</subfield>
    <subfield code="x">Product improvement</subfield>
    <subfield code="2">atg</subfield>
  </datafield>
  <datafield tag="700" ind1="1" ind2=" ">
    <subfield code="9">185733</subfield>
    <subfield code="a">S&#xE1;nchez Sosa, Jazm&#xED;n</subfield>
    <subfield code="e">autora</subfield>
  </datafield>
  <datafield tag="700" ind1="1" ind2=" ">
    <subfield code="9">147446</subfield>
    <subfield code="a">Espejel Garc&#xED;a, Anastacio</subfield>
    <subfield code="e">director</subfield>
  </datafield>
  <datafield tag="700" ind1="1" ind2=" ">
    <subfield code="9">148849</subfield>
    <subfield code="a">Hern&#xE1;ndez Montes, Arturo</subfield>
    <subfield code="e">asesor</subfield>
  </datafield>
  <datafield tag="700" ind1="1" ind2=" ">
    <subfield code="9">185732</subfield>
    <subfield code="a">Becerra Rodr&#xED;guez, Ariadna Isabel</subfield>
    <subfield code="e">asesora</subfield>
  </datafield>
  <datafield tag="856" ind1="4" ind2="0">
    <subfield code="y">DESCARGAR PDF</subfield>
    <subfield code="u">http://10.13.5.2/tesis/tl/2020_IA_Chavez_Matias_Fatima-Sanchez_Sosa_Jazmin.pdf</subfield>
  </datafield>
  <datafield tag="942" ind1=" " ind2=" ">
    <subfield code="2">Clasificaci&#xF3;n Universidad Aut&#xF3;noma Chapingo</subfield>
    <subfield code="c">TD</subfield>
  </datafield>
  <datafield tag="999" ind1=" " ind2=" ">
    <subfield code="c">217859</subfield>
    <subfield code="d">217859</subfield>
  </datafield>
  <datafield tag="952" ind1=" " ind2=" ">
    <subfield code="0">0</subfield>
    <subfield code="1">0</subfield>
    <subfield code="2">local</subfield>
    <subfield code="4">0</subfield>
    <subfield code="7">0</subfield>
    <subfield code="8">TesDigL</subfield>
    <subfield code="a">IA_</subfield>
    <subfield code="b">IA_</subfield>
    <subfield code="c">E_L</subfield>
    <subfield code="d">2022-11-23</subfield>
    <subfield code="e">El autor</subfield>
    <subfield code="l">0</subfield>
    <subfield code="p">1201013872</subfield>
    <subfield code="r">2022-11-23 00:00:00</subfield>
    <subfield code="w">2022-11-23</subfield>
    <subfield code="y">TD</subfield>
  </datafield>
  <datafield tag="952" ind1=" " ind2=" ">
    <subfield code="0">0</subfield>
    <subfield code="1">0</subfield>
    <subfield code="2">local</subfield>
    <subfield code="4">0</subfield>
    <subfield code="5">1</subfield>
    <subfield code="7">0</subfield>
    <subfield code="8">TesDigL</subfield>
    <subfield code="a">BD</subfield>
    <subfield code="b">BD</subfield>
    <subfield code="c">E_L</subfield>
    <subfield code="d">2024-05-17</subfield>
    <subfield code="l">0</subfield>
    <subfield code="o">Tesis digital</subfield>
    <subfield code="p">1301013872</subfield>
    <subfield code="r">2024-05-17 00:00:00</subfield>
    <subfield code="w">2024-05-17</subfield>
    <subfield code="y">TD</subfield>
  </datafield>
</record>
